Tweety's, ages 6-9. (Record no. 112642)
[ view plain ]
| 000 -LEADER | |
|---|---|
| fixed length control field | 00230nam a2200097 a 4500 |
| 005 - DATE AND TIME OF LATEST TRANSACTION | |
| control field | 20140414131944.0 |
| 008 - FIXED-LENGTH DATA ELEMENTS--GENERAL INFORMATION | |
| fixed length control field | 110127s19uu xx 00 eng d |
| 050 ## - LIBRARY OF CONGRESS CALL NUMBER | |
| Classification number | TR 414 |
| Item number | T91 2007 |
| 245 ## - TITLE STATEMENT | |
| Title | Tweety's, ages 6-9. |
| Withdrawn status | Lost status | Damaged status | Home library | Current library | Shelving location | Date acquired | Total Checkouts | Full call number | Barcode | Date last seen | Price effective from | Koha item type |
|---|---|---|---|---|---|---|---|---|---|---|---|---|
| Munich Library | Munich Library | Teachers Reference Section | 01/27/2011 | TR 414 T91 2007 | M4018 | 04/14/2014 | 04/14/2014 | Books |